000 00424nam a22001697a 4500
003 NUST - PNEC
005 20170116180908.0
008 150902b xxu||||| |||| 00| 0 eng d
020 _a9788184895537
040 _cLIBRARY
082 _a620.106 YAM
100 _96836
_aYamaguchi,H.
245 _aEngineering fluid mechanics
_cH. Yamaguchi
260 _cc.2008
650 _96842
_aFliuid mechanics
_xME
942 _2ddc
_cBK
999 _c65175
_d65175